• 首页
  • 本馆介绍
  • 公告通知
  • 最新文献
  • 馆藏检索
  • 电子资源
  • 读者导购
  • 参考咨询
  • 我的图书馆
  • 登录
  • 详细信息显示
  • 放入我的书架
  • 预约/预借图书
  • 作者相关作品
  • 分类相关作品
  • 丛书相关作品
  • 出版社相关作品

书目信息

  • 表格格式
  • 工作单格式
  • 卡片格式
题名:
梨病虫害诊断与防治图谱
    
 
作者: 王江柱 , 王勤英 主编
分册:  
出版信息: 北京   金盾出版社  2015
页数: 310页
开本: 21cm
丛书名:
单 册:
中图分类: S436.612
科图分类:
主题词: 梨--病虫害防治--图谱
电子资源:
ISBN: 978-7-5082-9825-2
000 00906nam0 2200241 450
001 012015000088
005 20151130093851.48
010    @a978-7-5082-9825-2@dCNY36.00
100    @a20151101d2015 em y0chiy50 ea
101 0  @achi
102    @aCN@b110000
105    @aa z 000yy
106    @ar
200 1  @a梨病虫害诊断与防治图谱@Ali bing chong hai zhen duan yu fang zhi tu pu@f王江柱,王勤英主编@g王江柱[等]编著
210    @a北京@c金盾出版社@d2015
215    @a310页@d21cm
330    @a本书以大量彩色照片配合文字辅助说明的方式,对梨栽培过程中常见的病虫害进行讲解。分别从症状、发生特点、形态特征和发生规律等几项内容,对梨病害和虫害进行分析,并根据受害特点,从多个角度介绍防治方法。
606 0  @a梨@x病虫害防治@j图谱
690    @aS436.612@v5
701  0 @a王江柱@Awang jiang zhu@4主编
701  0 @a王勤英@Awang qin ying@4主编
801  0 @aCN@b碧洲教育@c20151127
905    @a10447@f4@dS436.612@e117
    
    梨病虫害诊断与防治图谱/王江柱,王勤英主编/王江柱[等]编著.-北京:金盾出版社,2015
    310页;21cm
    
    
    ISBN 978-7-5082-9825-2:CNY36.00
    本书以大量彩色照片配合文字辅助说明的方式,对梨栽培过程中常见的病虫害进行讲解。分别从症状、发生特点、形态特征和发生规律等几项内容,对梨病害和虫害进行分析,并根据受害特点,从多个角度介绍防治方法。
●
相关链接 在E读中查询图书 在五车中查询图书 在当当中查询图书 在豆瓣中查询图书


正题名:梨病虫害诊断与防治图谱     索取号:S436.612/117         预约/预借

序号 登录号 条形码 馆藏地/架位号 状态 备注
1 0871822   208718226   第二样本阅览室/ [索取号:S436.612/117] 在馆    
2 0871823   208718235   第三借阅区/ [索取号:S436.612/117] 在馆    
3 0871824   208718244   第三借阅区/ [索取号:S436.612/117] 在馆    
4 0871825   208718253   密集书库-生命科学系/ [索取号:S436.612/117] 在馆    
唐山师范学院图书馆 欢迎您!
大连网信软件有限公司© 版权所有